| 000 | 01306cam a2200397 i 4500 | ||
|---|---|---|---|
| 001 | 200130240 | ||
| 003 | TR-AnTOB | ||
| 005 | 20260217101609.0 | ||
| 007 | ta | ||
| 008 | 160812s2013 tu b 000 0 tur c | ||
| 010 | _a 2013328912 | ||
| 020 |
_a9786051520162 _q(paperback) |
||
| 035 | _a19226055 | ||
| 035 | _a(OCoLC)887891735 | ||
| 035 | _a(TR-AnTOB)200130240 | ||
| 040 |
_aNjP _beng _erda _cPUL _dOCLCO _dOCLCF _dDLC _dTR-AnTOB |
||
| 041 | 0 | _atur | |
| 043 | _aa-tu--- | ||
| 050 | 0 | 4 |
_aKKX1194 _b.K3938 2013 |
| 090 |
_aKKX1194 _b.K3938 2013 |
||
| 100 | 1 |
_aKayatekin, Deniz, _d1985- _eauthor _992232 |
|
| 245 | 1 | 0 |
_aPatentin hükümsüzlüğü / _cAv. Deniz Kayatekin. |
| 250 | _a1. baskı. | ||
| 264 | 1 |
_aŞişli, İstanbul : _bOn İki Levha Yayıncılık, _c2013. |
|
| 300 |
_axiii, 124 pages ; _c24 cm |
||
| 336 |
_atext _btxt _2rdacontent |
||
| 337 |
_aunmediated _bn _2rdamedia |
||
| 338 |
_avolume _bnc _2rdacarrier |
||
| 500 | _a"Yayın no: 356"--Page facing title page. | ||
| 500 | _aOriginally presented as the author's thesis (masters)--İstanbul Üniversitesi, 11.08.2011. | ||
| 504 | _aBIB | ||
| 650 | 7 |
_aPatent hukuku ve mevzuatı _zTürkiye _2etuturkob _974276 |
|
| 650 | 7 |
_aFikri mülkiyet _zTürkiye _2etuturkob _9126864 |
|
| 942 |
_2lcc _cBK |
||
| 999 |
_c200130240 _d30908 |
||